Countries with Left-hand Traffic - Statistics

General Stats
  • This quiz has been taken 30 times
  • The average score is 40 of 53
Answer Stats
Continent Country % Correct
Europe United Kingdom
100%
Oceania Australia
96%
Europe Ireland
96%
Oceania New Zealand
96%
Asia India
92%
Asia Japan
88%
Asia Pakistan
88%
Asia Bangladesh
83%
Africa Botswana
83%
Africa Lesotho
83%
Asia Malaysia
83%
Europe Malta
83%
Africa South Africa
83%
Africa Tanzania
83%
Asia Brunei
79%
Africa Kenya
79%
North America Saint Kitts and Nevis
79%
North America Saint Vincent and the Grenadines
79%
Asia Singapore
79%
Africa Uganda
79%
Africa Zimbabwe
79%
Oceania Fiji
75%
South America Guyana
75%
Asia Indonesia
75%
North America Jamaica
75%
Africa Namibia
75%
Asia Nepal
75%
Oceania Papua New Guinea
75%
North America Saint Lucia
75%
Oceania Solomon Islands
75%
Asia Thailand
75%
Oceania Tonga
75%
Africa Zambia
75%
North America Barbados
71%
Oceania Nauru
71%
South America Suriname
71%
Oceania Tuvalu
71%
North America Bahamas
67%
Asia Bhutan
67%
Europe Cyprus
67%
North America Dominica
67%
Asia Maldives
67%
Africa Mozambique
67%
North America Trinidad and Tobago
67%
North America Antigua and Barbuda
63%
Africa Malawi
63%
Africa Mauritius
63%
Asia Sri Lanka
63%
North America Grenada
58%
Africa Seychelles
58%
Asia Timor-Leste
58%
Africa eSwatini
54%
Oceania Kiribati
50%
No matching quizzes found
Score Distribution
Percent of People with Each Score
Percentile by Number Answered
Your Score History
You have not taken this quiz